000 00921nam a22002417a 4500
005 20080618110544.0
008 080617t xxu||||| |||| 00| 0 eng d
010 _aENG-90367
020 _c95.00
_a8183985982
035 _aEN-73900
037 _bDBAD / PUB
040 _aDPL
_bEN
082 _a651.74
100 _aGupta, Raj Hans
245 _aPragati's professional communication - II /
_cby Raj Hans Gupta [and] P.K. Agarwal
_b(for B. Pharma VI semester of U.P. Technical University, Lucknow)
260 _aMeerut
_bPragati Prakashan
_c2008
270 _aPragati Bhawan, 240, W.K, Road,
_bMeerut
_e250001
300 _a159p.
_c25 cm (pbk)
490 _a
700 _aAgarwal, P.K.
942 _cEN
_h651.74
_2ddc
_m GUP
999 _c13781
_d13781